|
|
|
|
| LEADER |
00950nam a22002892a 4500 |
| 001 |
000865685 |
| 003 |
CZ BrMZK |
| 005 |
20071121131540.0 |
| 007 |
ta |
| 008 |
070914s1985 gw er|||||||||||ger d |
| 020 |
|
|
|q (Brož.)
|
| 040 |
|
|
|a ABA001
|b cze
|d ABA001
|
| 080 |
9 |
|
|a 929Roentgen,W.C.=30
|
| 080 |
9 |
|
|a 635:929Roentgen,W.C.=30
|
| 100 |
1 |
|
|a Beier, Walter
|7 jx20040720134
|4 aut
|
| 245 |
1 |
0 |
|a Wilhelm Conrad Röntgen /
|c Walter Beier
|
| 250 |
|
|
|a 1. Aufl
|
| 260 |
|
|
|a Leipzig :
|b B.G. Teubner,
|c 1985
|
| 300 |
|
|
|a 111 s. :
|c 20 cm
|
| 490 |
1 |
|
|a Biographien hervorragender Naturwissenschaftler, Techniker und Mediziner ;
|v Bd. 78
|
| 500 |
|
|
|a Frontispis
|
| 504 |
|
|
|a Obsahuje bibliografii
|
| 830 |
|
0 |
|a Biographien hervorragender Naturwissenschaftler, Techniker und Mediziner
|
| 910 |
|
|
|a BOA001
|b 1-0894.309
|
| 990 |
|
|
|a BK
|
| 991 |
|
|
|b 200709
|
| 996 |
7 |
|
|b 2619595965
|c 1-0894.309
|l MZK
|r Sklad / do 1 hodiny
|n 0
|w 000865685
|u 000010
|a 1
|e BOA001
|j MZK50
|s A
|